Economic Development. (Record no. 632)

MARC details
005 - DATE AND TIME OF LATEST TRANSACTION
control field 20250314134010.0
020 ## - INTERNATIONAL STANDARD BOOK NUMBER
International Standard Book Number 978-93-80540-50-4
082 ## - DEWEY DECIMAL CLASSIFICATION NUMBER
Classification number 338.9 SIN
100 ## - MAIN ENTRY--PERSONAL NAME
Author name SINGH,S.D.
245 ## - TITLE STATEMENT
Title Economic Development.
260 ## - PUBLICATION, DISTRIBUTION, ETC.
Place of publication, distribution, etc. New Delhi,
Name of publisher, distributor, etc. Centrum Press,
Date of publication, distribution, etc. 2010.
300 ## - PHYSICAL DESCRIPTION
Extent viii,296p.:Ill.;figure.
Other physical details Bibliograph, Index.
Dimensions 22cm.
856 ## - ELECTRONIC LOCATION AND ACCESS
Link text Access Online Book
Electronic name Economic
Path www.centrumpress.com
942 ## - ADDED ENTRY ELEMENTS (KOHA)
Source of classification or shelving scheme Dewey Decimal Classification
Koha item type Books
Holdings
Date last seen Total checkouts Full call number Barcode Cost, replacement price Price effective from Koha item type Lost status Source of classification or shelving scheme Damaged status Not for loan Withdrawn status Home library Current library Shelving location Date acquired Cost, normal purchase price
03/14/2025   338.9 SIN 0000002577 66000.00 03/14/2025 Books   Dewey Decimal Classification       College of Business Education Main Library College of Business Education Main Library General Collection 03/14/2025 22000.00
03/14/2025   338.9 SIN 0000002578 66000.00 03/14/2025 Books   Dewey Decimal Classification       College of Business Education Main Library College of Business Education Main Library General Collection 03/14/2025 22000.00
03/14/2025   338.9 SIN 0000002579 66000.00 03/14/2025 Books   Dewey Decimal Classification       College of Business Education Main Library College of Business Education Main Library General Collection 03/14/2025 22000.00
03/14/2025   338.9 SIN 0000002580 66000.00 03/14/2025 Books   Dewey Decimal Classification       College of Business Education Main Library College of Business Education Main Library Special Reserve Collection 03/14/2025 22000.00
03/14/2025   338.9 SIN 0000002581 66000.00 03/14/2025 Books   Dewey Decimal Classification       College of Business Education Main Library College of Business Education Main Library Special Reserve Collection 03/14/2025 22000.00